000 00674nam a22001817a 4500
999 _c370765
_d370765
008 201130b ||||| |||| 00| 0 eng d
040 _bger
_cDE-2950
_erda
_aDE-2950
041 _ager
245 _aClarus abenteuerliche Reise.
_bSchülerprojekt. Mit Spannung wird im Wildpark Rosengarten die Ankunft von drei Nasenbären erwartet...
264 _c2021
653 _aFrankfurt (Oder)
653 _aWildpark Rosengarten
773 _dFrankfurt (Oder): Märkisches Verlags- und Druckhaus GmbH & Co KG
_g32. Jahrgang (2021) Nr. 202 vom 31.08.2021, S. 16: Foto
_tMärkische Oderzeitung
942 _cA